Catálogo - Centro de Recursos para el Aprendizaje y la Investigación
Volver al Sitio - CRAI Biblioteca| 000 -CABECERA | |
|---|---|
| campo de control de longitud fija | 02256nam a22002777a 4500 |
| 001 - NÚMERO DE CONTROL | |
| campo de control | 114040 |
| 003 - IDENTIFICADOR DEL NÚMERO DE CONTROL | |
| campo de control | DR-UNIBE |
| 005 - FECHA Y HORA DE LA ÚLTIMA TRANSACCIÓN | |
| campo de control | 20250808112224.0 |
| 008 - DATOS DE LONGITUD FIJA--INFORMACIÓN GENERAL | |
| campo de control de longitud fija | 250808b2017 sp ||||| |||| 00| 0 spa d |
| 020 ## - NÚMERO INTERNACIONAL ESTÁNDAR DEL LIBRO | |
| Número Internacional Estándar del Libro | 9788499925981 |
| 040 ## - FUENTE DE LA CATALOGACIÓN | |
| Centro catalogador/agencia de origen | BIBLIOTECA UNIBE |
| Centro/agencia transcriptor | BIBLIOTECA UNIBE |
| Normas de descripción | rda |
| 041 ## - CÓDIGO DE LENGUA | |
| Código de lengua del texto/banda sonora o título independiente | spa |
| Código de lengua original | nno |
| 082 ## - NÚMERO DE LA CLASIFICACIÓN DECIMAL DEWEY | |
| Número de clasificación | 330.15 M299q 2017 |
| 100 1# - ENTRADA PRINCIPAL--NOMBRE DE PERSONA | |
| Nombre de persona | Marçal, Katrine |
| Término indicativo de función/relación | autor |
| 9 (RLIN) | 198276 |
| 245 10 - MENCIÓN DE TÍTULO | |
| Título | ¿Quién le hacía la cena a Adam Smith? : |
| Resto del título | una historia de las mujeres y la economía / |
| Mención de responsabilidad, etc. | Katrine Marçal |
| 250 ## - MENCIÓN DE EDICIÓN | |
| Mención de edición | Segunda edición |
| 260 ## - PUBLICACIÓN, DISTRIBUCIÓN, ETC. | |
| Lugar de publicación, distribución, etc. | Barcelona : |
| Nombre del editor, distribuidor, etc. | Debate, |
| Fecha de publicación, distribución, etc. | 2017 |
| 300 ## - DESCRIPCIÓN FÍSICA | |
| Extensión | 219 páginas |
| 500 ## - NOTA GENERAL | |
| Nota general | Título original: Det enda könet |
| 505 ## - NOTA DE CONTENIDO CON FORMATO | |
| Nota de contenido con formato | 1. En el que nos adentramos en el universo de la economía y nos preguntamos quién era la madre de Adam Smith |<br/>2. En el que nos presentan al hombre económico y vemos lo tremendamente seductor que es |<br/>3. En el que queda claro que el hombre económico no es mujer |<br/>4. En el que nos damos cuenta de que nuestro pacto con el hombre económico no ha dado los resultados que esperábamos |<br/>5. En el que añadimos las mujeres a la mezcla y agitamos | <br/>6. En el que Las Vegas y Wall Street confluyen |<br/>7. En el que la economía mundial se va al garete |<br/>8. En el que advertimos que los hombres tampoco son como el hombre económico |<br/>9. En el que resulta que los incentivos económicos no funcionan de forma tan sencilla como pensamos |<br/>10. En el que razonamos que uno no es egoísta solo porque quiera más dinero |<br/>11. En el que constatamos que uno menos uno sigue siendo cero |<br/>12. En el que todos nos convertimos en emprendedores |<br/>13. En el que constatamos que un útero no es una cápsula espacial |<br/>14. En el que descubrimos en el hombre económico una profundidad y unos miedos insospechados |<br/>15. En el que observamos que el protagonista del gran relato contemporáneo tiene un único sexo |<br/>16. En el que concluimos que cada sociedad sufre en consonancia con su grado de estupidez. Y, con ello, nos despedimos| |
| 650 #7 - PUNTO DE ACCESO ADICIONAL DE MATERIA--TÉRMINO DE MATERIA | |
| Fuente del encabezamiento o término | lemb |
| Término de materia o nombre geográfico como elemento de entrada | Economía |
| Subdivisión general | Aspectos culturales |
| 9 (RLIN) | 198286 |
| 650 #7 - PUNTO DE ACCESO ADICIONAL DE MATERIA--TÉRMINO DE MATERIA | |
| Fuente del encabezamiento o término | lemb |
| Término de materia o nombre geográfico como elemento de entrada | Finanzas |
| Subdivisión geográfica | Estados Unidos |
| 9 (RLIN) | 198287 |
| 653 00 - TÉRMINO DE INDIZACIÓN--NO CONTROLADO | |
| Término no controlado | Mujeres -- Participación económica |
| 700 1# - PUNTO DE ACCESO ADICIONAL--NOMBRE DE PERSONA | |
| Nombre de persona | García-Posada, Elda |
| Término indicativo de función/relación | traductor |
| 9 (RLIN) | 198277 |
| 942 ## - ELEMENTOS DE PUNTO DE ACCESO ADICIONAL (KOHA) | |
| Fuente del sistema de clasificación o colocación | Sistema de Clasificación Decimal Dewey |
| Tipo de ítem Koha | Libro (general) |
| Estado de retiro | Estado de pérdida | Fuente del sistema de clasificación o colocación | No para préstamo | Código de colección | Localización permanente | Fecha de adquisición | Total de préstamos | Signatura topográfica completa | Código de barras | Fecha visto por última vez | Número de copia | Precio válido a partir de | Tipo de ítem Koha | Ubicación en estantería |
|---|---|---|---|---|---|---|---|---|---|---|---|---|---|---|
| Disponible | Sistema de Clasificación Decimal Dewey | Reserva | Biblioteca Central UNIBE | 08/08/2025 | 330.15 M299q 2017 | 250972 | 08/08/2025 | Ej. 1 | 08/08/2025 | Libro (reserva) | ||||
| Disponible | Sistema de Clasificación Decimal Dewey | General | Biblioteca Central UNIBE | 08/08/2025 | 330.15 M299q 2017 | 250973 | 08/08/2025 | Ej. 2 | 08/08/2025 | Libro (general) | Área de exhibición |